|
|
|
|
| LEADER |
00965nam a2200217 a 4500 |
| 008 |
100105s1997 ii b 001 0 eng d |
| 020 |
|
|
|a 8125902953
|
| 040 |
|
|
|a BD-DhAAL
|c BD-DhAAL
|
| 082 |
0 |
0 |
|a 306.2
|2 20
|
| 100 |
1 |
|
|a Das, Hari Hara
|
| 245 |
1 |
0 |
|a Introduction to political sociology /
|c Hari Hara Das & B C Choudhury
|
| 260 |
|
|
|a New Delhi, India :
|b Vikas Pub. House,
|c 1997.
|
| 300 |
|
|
|a 329 p. ;
|c 22 cm.
|
| 504 |
|
|
|a Includes bibliograhical references and index.
|
| 541 |
1 |
|
|e 00008103
|
| 650 |
|
0 |
|a Political sociology.
|
| 700 |
1 |
|
|a Choudhury, B.C.
|
| 852 |
4 |
|
|a Ayesha Abed Library
|j General Shelf.
|
| 999 |
|
|
|c 6729
|d 6729
|
| 952 |
|
|
|0 0
|1 0
|2 ddc
|4 0
|6 306_200000000000000_DAS_1997
|7 0
|9 6908
|a BRACUL
|b BRACUL
|c GEN
|d 2010-01-06
|l 2
|m 11
|o 306.2 DAS
|p 3010008103
|r 2024-09-19
|s 2024-07-07
|t 1
|w 2010-01-06
|y BK
|
| 952 |
|
|
|0 0
|1 0
|2 ddc
|4 0
|6 306_200000000000000_DAS_1997
|7 0
|9 7245
|a BRACUL
|b BRACUL
|c GEN
|d 2010-01-16
|l 3
|o 306.2 DAS
|p 3010008104
|r 2011-07-17
|s 2011-07-17
|t 2
|w 2010-01-16
|y BK
|